Nebezpečný /

Hlavní autor: Cross, Caroline
Další autoři: Tichý, Filip
Jazyk: Čeština
Vydáno: Praha : Harlequin, 1995
Edice: Desire (Harlequin)
Témata:
Fyzický popis: 155 s. ; 18 cm
Knihy
Uloženo v:
LEADER 01013nam a22003252a 4500
001 001717406
003 CZ BrMZK
005 20231115135858.0
007 ta
008 191119s1995 xr er|||||||||||cze d
015 |a cnb000093689 
020 |a 80-7170-244-7  |q (brož.) :  |c Kč 39,90 
035 |a (OCoLC)36602717 
040 |a ABA001  |b cze  |d BOA001 
041 1 |a cze  |h eng 
080 |a 82-31/-32  |2 undef 
100 1 |a Cross, Caroline  |7 jn20001005638  |4 aut 
245 1 0 |a Nebezpečný /  |c Caroline Crossová ; [překlad Filip Tichý] 
260 |a Praha :  |b Harlequin,  |c 1995 
300 |a 155 s. ;  |c 18 cm 
490 1 |a Desire ;  |v 115 
500 |a Přeloženo z angličtiny 
655 7 |a milostné romány  |7 fd132840  |2 czenas 
700 1 |a Tichý, Filip  |7 hka2010583792  |4 trl 
765 0 |t Dangerous  |9 Česky 
830 0 |a Desire (Harlequin)  |0 s 
910 |a BOA001  |b 1-1438.352 
990 |a BK 
991 |b 201911 
996 6 |b 2610803672  |c 1-1438.352  |l MZK  |r Sklad / do 1 hodiny  |n 0  |p dar  |w 001768595  |u 000010  |a 1  |e BOA001  |j MZK50  |s P